[Event "European Blitz 2022"]
[Site "Katowice POL"]
[Date "2022.12.16"]
[Round "10.37"]
[White "Grandelius, Nils"]
[Black "Hrebenshchykova, Yelyzaveta"]
[Result "1-0"]
[WhiteTitle "GM"]
[WhiteElo "2660"]
[BlackElo "2289"]
[WhiteFideId "1710400"]
[BlackFideId "14159899"]
[EventDate "2022.12.16"]

1. Nf3 Nf6 2. g3 g6 3. Bg2 Bg7 4. O-O O-O 5. d4 d5 6. c4 dxc4 7. Na3 c5 8. dxc5
c3 9. Nb5 Nd5 10. Nfd4 Na6 11. bxc3 e5 12. Nb3 Be6 13. Ba3 Qd7 14. c4 Ndb4 15.
Qxd7 Bxd7 16. Bxb7 Rab8 17. c6 Bxc6 18. Bxc6 Nxc6 19. Bxf8 Bxf8 20. Rfd1 Nab4
21. a3 a6 22. axb4 axb5 23. cxb5 Nxb4 24. Ra5 Be7 25. b6 Rxb6 26. Rxe5 Bf6 27.
Re8+ Kg7 28. Nc5 Rc6 29. Ne4 Bb2 30. h4 h5 31. Rd7 Rb6 32. Nd6 1-0

[Event "European Blitz 2022"]
[Site "Katowice POL"]
[Date "2022.12.16"]
[Round "10.38"]
[White "Koziorowicz, Michal"]
[Black "Ziska, Helgi Dam"]
[Result "0-1"]
[WhiteTitle "FM"]
[BlackTitle "GM"]
[WhiteElo "2348"]
[BlackElo "2546"]
[WhiteFideId "21809194"]
[BlackFideId "7200595"]
[EventDate "2022.12.16"]

1. e4 c5 2. Nf3 d6 3. Bb5+ Nd7 4. d4 cxd4 5. Qxd4 a6 6. Bxd7+ Bxd7 7. Nc3 e5 8.
Qd3 h6 9. O-O Nf6 10. Rd1 Rc8 11. Nd2 Bg4 12. f3 Be6 13. Nf1 Be7 14. Ne3 Qc7 15.
Bd2 O-O 16. Rac1 b5 17. Kh1 Rfd8 18. Ncd5 Qb7 19. Ba5 Bxd5 20. Nxd5 Nxd5 21.
Qxd5 Qxd5 22. Rxd5 Rf8 23. Bb4 Bg5 24. Bd2 Rc6 25. Bxg5 hxg5 26. c3 Rb8 27. Kg1
Kf8 28. Kf2 Ke7 29. Ke3 g6 30. Kd3 Ke6 31. Rd1 f5 32. a3 Rf8 33. Ke3 Rh8 34. h3
Rb8 35. R1d2 a5 36. a4 b4 37. Rxa5 bxc3 38. bxc3 Rxc3+ 39. Kf2 fxe4 40. fxe4
Rf8+ 41. Kg1 Rc1+ 42. Kh2 Re1 43. Ra6 Rd8 44. Rd3 Rxe4 45. Rg3 Kf5 46. a5 Ra4
47. Ra7 d5 48. Re7 e4 49. Rf7+ Ke6 50. Rg7 Kf6 51. Ra7 d4 52. Rb3 Rd6 53. Ra8 d3
54. Rb7 d2 55. Rf8+ Ke5 56. Re7+ Kd4 57. Rf1 Kd3 58. Kg3 e3 0-1

[Event "European Blitz 2022"]
[Site "Katowice POL"]
[Date "2022.12.16"]
[Round "10.39"]
[White "Klekowski, Maciej"]
[Black "Rudzinska, Michalina"]
[Result "1-0"]
[WhiteTitle "GM"]
[BlackTitle "WFM"]
[WhiteElo "2477"]
[BlackElo "2256"]
[WhiteFideId "1132717"]
[BlackFideId "1172883"]
[EventDate "2022.12.16"]

1. c4 e5 2. Nc3 Nc6 3. g3 g6 4. Bg2 Bg7 5. e4 d6 6. Nge2 Nge7 7. h4 Bg4 8. f3
Be6 9. d3 h5 10. Nd5 Nd4 11. Bg5 Bxd5 12. cxd5 Qd7 13. Nxd4 exd4 14. Qb3 O-O 15.
Rc1 a5 16. Bh3 f5 17. Qxb7 Rfc8 18. Qb3 Rab8 19. Qc2 c6 20. Qa4 Rxb2 21. O-O Qb7
22. dxc6 Nxc6 23. Qc4+ Kh7 24. exf5 Rb4 25. fxg6+ Kh8 26. Bxc8 1-0

[Event "European Blitz 2022"]
[Site "Katowice POL"]
[Date "2022.12.16"]
[Round "10.40"]
[White "Fiedorek, Michal"]
[Black "Laurusas, Tomas"]
[Result "0-1"]
[WhiteTitle "FM"]
[BlackTitle "GM"]
[WhiteElo "2303"]
[BlackElo "2567"]
[WhiteFideId "1199528"]
[BlackFideId "12803731"]
[EventDate "2022.12.16"]

1. e4 c6 2. d4 d5 3. exd5 cxd5 4. Nf3 Nf6 5. Ne5 a6 6. Bd3 Nc6 7. c3 e6 8. O-O
Bd6 9. Re1 Ne7 10. Nd2 b5 11. Ndf3 Bb7 12. Qe2 O-O 13. Bg5 Ne4 14. Bxe7 Qxe7 15.
Nd2 Nf6 16. Rac1 b4 17. Nb3 bxc3 18. bxc3 a5 19. h3 a4 20. Nd2 Rfc8 21. Ndf3 h6
22. Qd2 Rc7 23. Rc2 Ba6 24. Bxa6 Rxa6 25. Qd3 Ra8 26. Rb1 Rac8 27. Rb6 Nd7 28.
Ra6 Bxe5 29. Nxe5 Nxe5 30. dxe5 Rc4 31. Qe3 d4 32. Qd3 Rxc3 33. Rxc3 dxc3 34.
Qc2 Qb4 35. Rxa4 Qxa4 36. Qxa4 c2 0-1

[Event "European Blitz 2022"]
[Site "Katowice POL"]
[Date "2022.12.16"]
[Round "10.41"]
[White "Blohberger, Felix"]
[Black "Sliwicka, Alicja"]
[Result "1-0"]
[WhiteTitle "GM"]
[BlackTitle "WIM"]
[WhiteElo "2490"]
[BlackElo "2284"]
[WhiteFideId "1632051"]
[BlackFideId "1150677"]
[EventDate "2022.12.16"]

1. Nf3 c5 2. c4 Nc6 3. Nc3 g6 4. e3 Nf6 5. d4 cxd4 6. exd4 d5 7. cxd5 Nxd5 8.
Qb3 Nxc3 9. Bc4 Nd5 10. Bxd5 e6 11. Bxc6+ bxc6 12. O-O Bg7 13. Be3 O-O 14. Rac1
Ba6 15. Rfe1 Rb8 16. Qc2 Qd5 17. b3 Bb7 18. Qe2 Rfd8 19. Rc5 Qd6 20. h4 h5 21.
Ne5 Qe7 22. g3 Rd5 23. Rec1 Rbd8 24. Nxc6 Bxc6 25. Rxc6 Bxd4 26. Rc7 Qf6 27. Bg5
Rxg5 28. hxg5 Qxg5 29. Qf3 Rf8 30. Rc8 h4 31. Rxf8+ Kxf8 32. Rc7 Qxg3+ 33. Qxg3
hxg3 34. b4 gxf2+ 35. Kf1 g5 36. a4 f5 37. Rc4 Be3 38. b5 f4 39. a5 g4 40. b6
axb6 41. a6 Ke7 42. a7 b5 43. Rc7+ Kd6 44. a8=Q Kxc7 45. Qa6 1-0

[Event "European Blitz 2022"]
[Site "Katowice POL"]
[Date "2022.12.16"]
[Round "10.42"]
[White "Aksonova, Tetiana"]
[Black "Samunenkov, Ihor"]
[Result "0-1"]
[WhiteTitle "WFM"]
[BlackTitle "IM"]
[WhiteElo "2192"]
[BlackElo "2488"]
[WhiteFideId "14106086"]
[BlackFideId "14187086"]
[EventDate "2022.12.16"]

1. e4 c5 2. Nc3 Nc6 3. d3 g6 4. Be3 e5 5. Qd2 d6 6. g3 Bg7 7. Bg2 Nd4 8. Nd1 h5
9. c3 Ne6 10. h4 Ne7 11. Nh3 d5 12. exd5 Nxd5 13. O-O Nxe3 14. fxe3 O-O 15. Ndf2
Rb8 16. Rad1 b6 17. Ne4 Bb7 18. Nhg5 Nc7 19. c4 f6 20. Nh3 Qd7 21. Nc3 Bxg2 22.
Qxg2 b5 23. b3 b4 24. Nd5 Nxd5 25. cxd5 Bh6 26. e4 Be3+ 27. Kh2 Kg7 28. Rf3 Bd4
29. Rdf1 a5 30. Nf2 a4 31. g4 Bxf2 32. gxh5 Bxh4 33. Qxg6+ Kh8 34. h6 Rg8 35.
Qh5 Bg5 0-1

[Event "European Blitz 2022"]
[Site "Katowice POL"]
[Date "2022.12.16"]
[Round "10.43"]
[White "Polster, Christian"]
[Black "Krzyzanowski, Marcin"]
[Result "0-1"]
[WhiteTitle "FM"]
[BlackTitle "GM"]
[WhiteElo "2235"]
[BlackElo "2538"]
[WhiteFideId "12965081"]
[BlackFideId "1132199"]
[EventDate "2022.12.16"]

1. e4 c5 2. Nc3 d6 3. g3 g6 4. Nge2 Bg7 5. d4 cxd4 6. Nxd4 Nc6 7. Nb3 Nf6 8. Bg2
O-O 9. O-O a5 10. a4 Nb4 11. h3 Bd7 12. Nd5 Nfxd5 13. exd5 Bf5 14. c3 Bc2 15.
Qd2 Bxb3 16. cxb4 Qb6 17. Re1 Qxb4 18. Qxb4 axb4 19. a5 Rfe8 20. Bd2 Bc4 21.
Bxb4 Bxb2 22. Rab1 Bf6 23. Bd2 Ba6 24. Bf1 Rec8 25. Bxa6 bxa6 26. Rb6 Rc5 27.
Bh6 Rxa5 28. Reb1 Ra1 29. Rxa1 Bxa1 30. Bg5 f6 31. Be3 a5 32. Rb3 a4 33. Ra3 Bb2
34. Ra2 a3 35. Kf1 Ra5 36. Ke2 Rxd5 0-1

[Event "European Blitz 2022"]
[Site "Katowice POL"]
[Date "2022.12.16"]
[Round "10.44"]
[White "Sotsky, Alexander"]
[Black "Costachi, Mihnea"]
[Result "0-1"]
[WhiteTitle "IM"]
[BlackTitle "IM"]
[WhiteElo "2333"]
[BlackElo "2476"]
[WhiteFideId "4130715"]
[BlackFideId "1217518"]
[EventDate "2022.12.16"]

1. d4 Nf6 2. Bg5 d5 3. e3 e6 4. Nd2 c5 5. c3 Qb6 6. Rb1 Be7 7. Bxf6 Bxf6 8. f4
Qc7 9. Qf3 Bd7 10. Bd3 b5 11. Ne2 b4 12. O-O Nc6 13. f5 exf5 14. Qxd5 cxd4 15.
cxd4 O-O 16. Bxf5 Rad8 17. Qc4 Bxf5 18. Rxf5 Qd7 19. Rxf6 gxf6 20. Ne4 Qe6 21.
Qc2 Rfe8 22. N4g3 Qxe3+ 23. Kh1 Nxd4 24. Nxd4 Rxd4 25. Qf5 Qd3 26. Qf1 Qxf1+ 27.
Rxf1 Rd2 28. Nh5 Rf2 0-1

[Event "European Blitz 2022"]
[Site "Katowice POL"]
[Date "2022.12.16"]
[Round "10.45"]
[White "Kuzmicz, Krystian"]
[Black "Ulasevich, Sergei"]
[Result "0-1"]
[WhiteTitle "IM"]
[BlackTitle "CM"]
[WhiteElo "2466"]
[BlackElo "2236"]
[WhiteFideId "1119125"]
[BlackFideId "13505629"]
[EventDate "2022.12.16"]

1. e4 c5 2. d3 Nc6 3. g3 g6 4. Bg2 Bg7 5. f4 e6 6. Nf3 Nge7 7. O-O d5 8. c3 O-O
9. Na3 Rb8 10. e5 f6 11. exf6 Bxf6 12. Nc2 b5 13. Be3 d4 14. cxd4 cxd4 15. Bf2
Nf5 16. Re1 b4 17. Rc1 Bb7 18. Rxe6 Qd5 19. Ng5 Qd7 20. Re1 a5 21. Ne4 Be7 22.
Na1 Ne3 23. Bxe3 dxe3 24. Rxe3 Nd4 25. Nb3 Nf5 26. Re1 a4 27. Nbd2 Qd4+ 28. Kh1
Ne3 29. Qe2 Nxg2 30. Kxg2 Qxb2 31. Rc7 Bf6 32. Nf3 Qxe2+ 33. Rxe2 Bg7 34. Nc5
Bd5 35. Nxa4 Ra8 36. Nc5 Rxa2 37. Rxa2 Bxa2 38. Rb7 Bc3 39. Kh3 Bd5 40. Rb6 Bxf3
41. Ne6 Re8 42. Ng5 Bd5 43. g4 Re3+ 0-1

[Event "European Blitz 2022"]
[Site "Katowice POL"]
[Date "2022.12.16"]
[Round "10.46"]
[White "Paehtz, Thomas"]
[Black "Kracht, Raphael"]
[Result "1-0"]
[WhiteTitle "GM"]
[WhiteElo "2339"]
[BlackElo "2124"]
[WhiteFideId "4611349"]
[BlackFideId "16214382"]
[EventDate "2022.12.16"]

1. e4 e5 2. Bc4 Nf6 3. d3 c6 4. Nf3 d5 5. Bb3 Bd6 6. Nc3 d4 7. Ne2 a5 8. a4 O-O
9. Ng3 Re8 10. O-O h6 11. Nh4 Nbd7 12. Nhf5 Bf8 13. f4 exf4 14. Bxf4 Nc5 15. Bc4
Be6 16. b3 Rb8 17. Bxb8 Qxb8 18. Nxh6+ gxh6 19. Rxf6 Bg7 20. Rf1 Qd6 21. Nf5 Qe5
22. Qg4 Bxc4 23. bxc4 Re6 24. Rab1 Rg6 25. Qf3 Bf6 26. Ng3 Qe7 27. Nf5 Qe5 28.
Ng3 Qe7 29. Rf2 1-0

[Event "European Blitz 2022"]
[Site "Katowice POL"]
[Date "2022.12.16"]
[Round "10.47"]
[White "Kovalevsky, Stanislav"]
[Black "De Filomeno, Simone"]
[Result "0-1"]
[WhiteTitle "FM"]
[BlackTitle "IM"]
[WhiteElo "2237"]
[BlackElo "2450"]
[WhiteFideId "13508598"]
[BlackFideId "828688"]
[EventDate "2022.12.16"]

1. c4 e6 2. e4 d5 3. cxd5 exd5 4. exd5 Nf6 5. Nc3 Nxd5 6. Bc4 Nb6 7. Bb3 Nc6 8.
Nge2 Bf5 9. d4 Bd6 10. O-O O-O 11. Be3 Qh4 12. g3 Qh3 13. Nf4 Bxf4 14. Bxf4 Rad8
15. d5 Rd7 16. a4 Nb4 17. a5 Nc8 18. Qd4 Nd3 19. Ne4 Nxf4 20. gxf4 Bxe4 21. f3
Bf5 22. Rf2 Ne7 23. Rg2 Ng6 24. Rg3 Qh4 25. Qxa7 Qxf4 26. Qxb7 Qe3+ 27. Kh1 Re8
28. a6 Nf4 29. Qb4 Bh3 30. Rag1 g6 31. a7 Rdd8 32. d6 cxd6 33. Qc4 d5 34. Qc3
Nd3 35. Rxh3 Nf2+ 36. Kg2 Qxc3 37. bxc3 Nxh3 38. Kxh3 Ra8 39. Ra1 Re7 40. Bxd5
Raxa7 41. Rxa7 Rxa7 42. c4 Kf8 43. Kg4 Ke7 44. Kg5 f6+ 45. Kh6 Kd6 46. f4 Kc5
47. h4 Kd4 48. Be6 Ke4 49. c5 Kxf4 50. c6 Rc7 51. Bd7 g5 52. h5 g4 53. Kxh7 g3
54. Kg6 g2 0-1

[Event "European Blitz 2022"]
[Site "Katowice POL"]
[Date "2022.12.16"]
[Round "10.48"]
[White "Thorfinnsson, Bjorn"]
[Black "Skuhala, Barbara"]
[Result "1-0"]
[WhiteTitle "IM"]
[BlackTitle "WFM"]
[WhiteElo "2374"]
[BlackElo "2103"]
[WhiteFideId "2300982"]
[BlackFideId "14605465"]
[EventDate "2022.12.16"]

1. d4 Nf6 2. Nf3 e6 3. Bg5 d5 4. e3 c6 5. c3 Be7 6. Nbd2 Nbd7 7. Bd3 b6 8. Qc2
Bb7 9. h3 Rc8 10. a3 c5 11. Bf4 O-O 12. g4 g6 13. O-O-O a6 14. Rdg1 cxd4 15.
exd4 b5 16. h4 Qa5 17. Kd1 Rfd8 18. h5 Ne4 19. hxg6 Nxf2+ 20. Ke2 Nxh1 21. gxf7+
Kxf7 22. Rxh1 Rg8 23. Bxh7 Rxg4 24. Bf5 Rg2+ 25. Kf1 Rg7 26. Bh6 Rcg8 27. Bxg7
Rxg7 28. Rh6 Bf6 29. Bg6+ Ke7 30. Bh5 Qc7 31. Rh8 Qg3 32. Rh7 Qg2+ 33. Ke1 Qh1+
34. Nf1 Bh4+ 35. Nxh4 Qxh4+ 36. Kd1 Rxh7 37. Qxh7+ Kd6 38. Qf7 Qg5 39. Qf3 a5
40. Bg4 Nf6 41. Bh3 Qh5 42. Qxh5 Nxh5 43. Nd2 Nf6 44. Ke2 Ba6 45. Ke3 Nd7 46.
Nf3 Bb7 47. Ng5 Nf8 48. Kf4 Bc8 49. Nf7+ Ke7 50. Ne5 Kd6 51. Bf1 b4 52. axb4
axb4 53. cxb4 Bd7 54. Bh3 Be8 55. Nd3 Nh7 56. Nc5 Bd7 57. b5 Bxb5 58. Bxe6 Nf6
59. Bf5 Bc4 60. b3 Bb5 61. Bh3 Nh5+ 62. Kg5 Ng3 63. Kf4 Ne2+ 64. Ke3 Nc1 65. Bg4
Na2 66. Kd2 Nb4 67. Kc3 Nc6 68. Bf3 Ne7 69. Nb7+ Kc7 70. Nc5 Kd6 71. b4 Bc4 72.
Bd1 Nf5 73. Ba4 Ne3 74. b5 Nf5 75. b6 Ne7 76. Kb4 Nf5 77. Kc3 Ne7 78. Be8 Nf5
79. Bd7 Ne3 80. Bc8 Nd1+ 81. Kb4 Ne3 82. b7 Kc7 83. Ne6+ Kb8 84. Nd8 Nc2+ 85.
Kc5 Kc7 86. Nc6 1-0

[Event "European Blitz 2022"]
[Site "Katowice POL"]
[Date "2022.12.16"]
[Round "10.49"]
[White "Arkell, Keith C"]
[Black "Redzisz, Michal"]
[Result "1-0"]
[WhiteTitle "GM"]
[BlackTitle "FM"]
[WhiteElo "2406"]
[BlackElo "2260"]
[WhiteFideId "400270"]
[BlackFideId "21816107"]
[EventDate "2022.12.16"]

1. d4 Nf6 2. Nf3 b6 3. c4 e6 4. g3 Ba6 5. b3 Bb4+ 6. Bd2 Be7 7. Bc3 O-O 8. Bg2
d5 9. Nbd2 c5 10. O-O Nc6 11. dxc5 bxc5 12. cxd5 exd5 13. Bxf6 Bxf6 14. Rc1 Qe7
15. Re1 Rac8 16. e4 d4 17. e5 Bg5 18. Nxg5 Qxg5 19. Ne4 Qxe5 20. Nxc5 Qd6 21.
Nxa6 Na5 22. Qd3 Qb6 23. b4 Nc6 24. Bxc6 Rxc6 25. Rxc6 Qxc6 26. Nc5 1-0

[Event "European Blitz 2022"]
[Site "Katowice POL"]
[Date "2022.12.16"]
[Round "10.50"]
[White "Diermair, Andreas"]
[Black "Kos, Pawel"]
[Result "1-0"]
[WhiteTitle "GM"]
[WhiteElo "2446"]
[BlackElo "2234"]
[WhiteFideId "1612468"]
[BlackFideId "1120085"]
[EventDate "2022.12.16"]

1. d4 Nf6 2. c4 g6 3. Nf3 Bg7 4. g3 O-O 5. Bg2 c6 6. O-O d5 7. b3 a5 8. Nc3 Na6
9. Bb2 Bf5 10. Ne5 Nc7 11. Rc1 Nd7 12. Nf3 Nf6 13. cxd5 Nfxd5 14. Na4 Na6 15.
Ne5 Nb6 16. Nxb6 Qxb6 17. e4 Bc8 18. Nc4 Qd8 19. Qe2 b5 20. Ne5 c5 21. dxc5 Qc7
22. Nf3 Bh6 23. Qxb5 Be6 24. Rcd1 Nb4 25. a3 Rab8 26. Qe2 Na6 27. Qxa6 Rxb3 28.
Qe2 Qxc5 29. Nd4 Qb6 30. Ba1 Rxa3 31. Nxe6 Qxe6 32. Qb2 Rxa1 33. Qxa1 1-0

[Event "European Blitz 2022"]
[Site "Katowice POL"]
[Date "2022.12.16"]
[Round "10.51"]
[White "Varvadoukas, Theodoros"]
[Black "Tisaj, Domen"]
[Result "1-0"]
[BlackTitle "FM"]
[WhiteElo "2109"]
[BlackElo "2396"]
[WhiteFideId "4210735"]
[BlackFideId "14628708"]
[EventDate "2022.12.16"]

1. c4 e6 2. Nf3 Nf6 3. g3 d5 4. Bg2 dxc4 5. Qa4+ Bd7 6. Qxc4 c5 7. Ne5 Qc8 8.
Nxd7 Qxd7 9. O-O Be7 10. Nc3 O-O 11. d3 Nc6 12. Be3 Rac8 13. Rac1 b6 14. Qa4
Rfd8 15. Rfe1 Nd5 16. Nxd5 exd5 17. a3 Ne5 18. Qxd7 Rxd7 19. Bh3 Rcc7 20. Bf4 f6
21. Bxd7 Rxd7 22. Bxe5 fxe5 23. e3 Kf7 24. Kg2 Ke6 25. f4 g6 26. Rf1 Bf6 27.
fxe5 Bxe5 28. b4 Bb2 29. Rc2 Bxa3 30. bxc5 bxc5 31. Ra1 Bb4 32. Ra6+ Ke5 33.
Rca2 c4 34. dxc4 dxc4 35. Kf3 Bc5 36. Rc2 Rf7+ 37. Ke2 Kd5 38. Ra1 Bb6 39. Rd1+
Kc5 40. Rdc1 Re7 41. Rxc4+ Kb5 42. R4c3 Rf7 43. Rb1+ Ka6 44. Rc4 Re7 45. e4 Rd7
46. e5 Re7 47. Re4 Kb7 48. Rc1 Bc7 49. e6 Bb6 50. Kf3 a5 51. Rcc4 Bc7 52. Kg4
Bd8 53. Kf4 Kb6 54. Ke5 Re8 55. Kd6 Bf6 56. e7 Kb5 57. Rc2 a4 58. Kd7 1-0

[Event "European Blitz 2022"]
[Site "Katowice POL"]
[Date "2022.12.16"]
[Round "10.52"]
[White "Spalir, Jernej"]
[Black "Gregoric, Andraz"]
[Result "1-0"]
[WhiteTitle "IM"]
[WhiteElo "2377"]
[BlackElo "2225"]
[WhiteFideId "14606518"]
[BlackFideId "14629461"]
[EventDate "2022.12.16"]

1. d4 Nf6 2. c4 e6 3. Nf3 Bb4+ 4. Bd2 a5 5. g3 b6 6. Bg2 Bb7 7. O-O O-O 8. Qc2
Ne4 9. Bf4 Be7 10. Nc3 d5 11. cxd5 exd5 12. Rac1 Nxc3 13. Qxc3 c5 14. dxc5 bxc5
15. Rfd1 Qb6 16. Ne5 Rd8 17. b3 Nd7 18. Bxd5 Nxe5 19. Bxb7 Qxb7 20. Bxe5 f6 21.
Bf4 Rxd1+ 22. Rxd1 Qb5 23. Qf3 Rc8 24. Qd5+ Kh8 25. Qe6 Rd8 26. Rxd8+ Bxd8 27.
Qf7 1-0

[Event "European Blitz 2022"]
[Site "Katowice POL"]
[Date "2022.12.16"]
[Round "10.53"]
[White "Fus, Jakub"]
[Black "Lajbl, Jan"]
[Result "1-0"]
[WhiteTitle "FM"]
[WhiteElo "2405"]
[BlackElo "2225"]
[WhiteFideId "1193023"]
[BlackFideId "390240"]
[EventDate "2022.12.16"]

1. Nf3 d5 2. e3 c5 3. b3 Nc6 4. Bb5 Nf6 5. Bxc6+ bxc6 6. Bb2 e6 7. d3 Bd6 8.
Nbd2 O-O 9. e4 Nd7 10. O-O e5 11. Qe2 Re8 12. Rfe1 a5 13. a4 Ba6 14. Ba3 Qc7 15.
Qe3 h6 16. Nh4 c4 17. Bxd6 Qxd6 18. dxc4 dxc4 19. Nf5 Qe6 20. Nxc4 Bxc4 21. bxc4
Qxc4 22. Nd6 Qxc2 23. Nxe8 Rxe8 24. Rec1 Qb2 25. Qc3 Rb8 26. Qxb2 Rxb2 27. Rxc6
Nb6 28. g3 Rb4 29. Rc5 Nxa4 30. Rxa5 Nc3 31. Rxe5 Nxe4 32. Ra7 Ng5 33. Kg2 Rb2
34. Re8+ Kh7 35. h4 Ne6 36. Rxf7 Re2 37. Rfe7 1-0

[Event "European Blitz 2022"]
[Site "Katowice POL"]
[Date "2022.12.16"]
[Round "10.54"]
[White "Trybus, Daniel"]
[Black "Stremavicius, Pijus"]
[Result "1-0"]
[BlackTitle "FM"]
[WhiteElo "2258"]
[BlackElo "2369"]
[WhiteFideId "21816131"]
[BlackFideId "12812730"]
[EventDate "2022.12.16"]

1. g3 d6 2. Bg2 g6 3. Nf3 Bg7 4. O-O Nc6 5. d4 Bd7 6. Nc3 Qc8 7. Re1 Bh3 8. Bh1
h5 9. e4 h4 10. Be3 hxg3 11. fxg3 Bg4 12. Qd2 e5 13. dxe5 Bxf3 14. Bxf3 Nxe5 15.
Bg2 Nc4 16. Qe2 Nxe3 17. Qxe3 Ne7 18. Rad1 Qe6 19. e5 Bxe5 20. Bxb7 Rb8 21. Qxa7
O-O 22. Bg2 Rxb2 23. Qa3 Rxc2 24. Nd5 Nxd5 25. Bxd5 Qh3 26. Qf3 Qxh2+ 27. Kf1
Bxg3 28. Re2 Rxe2 29. Qxe2 Kg7 30. Qxh2 Bxh2 31. a4 Rc8 32. Bc6 Bf4 33. Ke2 Rb8
34. Ra1 Rb2+ 35. Kd3 Be5 36. a5 Rb3+ 37. Kc4 Rc3+ 38. Kb5 Rc5+ 39. Kb4 Bxa1 40.
a6 Rxc6 1-0

[Event "European Blitz 2022"]
[Site "Katowice POL"]
[Date "2022.12.16"]
[Round "10.55"]
[White "Jaskolka, Tomasz"]
[Black "Plaskan, Jure"]
[Result "1/2-1/2"]
[WhiteTitle "CM"]
[WhiteElo "2188"]
[BlackElo "2241"]
[WhiteFideId "1170791"]
[BlackFideId "14605252"]
[EventDate "2022.12.16"]

1. d4 Nf6 2. c4 e6 3. g3 d5 4. Bg2 Bb4+ 5. Nd2 O-O 6. Nf3 dxc4 7. O-O Bd7 8.
Nxc4 Bc6 9. a3 Be7 10. e3 Nbd7 11. b4 Nb6 12. Na5 Bd5 13. Bb2 Nc4 14. Nxc4 Bxc4
15. Re1 a5 16. Qc2 Bb5 17. a4 Bc6 18. b5 Be4 19. Qb3 Bb4 20. Bc3 Qd5 21. Qxd5
Nxd5 22. Bxb4 axb4 23. Ne5 Bxg2 24. Kxg2 Ra7 25. Reb1 Rfa8 26. e4 Nc3 27. Rxb4
Nxe4 28. Kf3 Nc3 29. Rc4 Nd5 30. Nd3 b6 31. Nf4 Rd8 32. Nxd5 Rxd5 33. Rac1 Rd7
34. Ke4 Kf8 35. f4 Ke7 36. Kd3 Kd8 37. Kc3 Kc8 38. Kb4 Kb7 39. R1c2 Ra8 40. Ra2
Rad8 41. Kc3 Rd5 42. Kd3 R8d7 43. Ke4 Re7 44. Rb4 Re8 45. a5 bxa5 46. Rxa5 Rb8
47. Rc4 Kc8 48. Ra7 Rb7 49. Ra8+ Kd7 50. Rh8 Rh5 51. Rg8 g6 52. h4 Rhxb5 53. Rg7
Ke7 54. Rxh7 Rb4 55. Rxb4 Rxb4 56. h5 gxh5 57. Rxh5 Rb3 58. Rg5 Kd6 59. Rg7 Ke7
60. Rg5 Kf6 61. Rc5 Rb7 62. g4 Ke7 63. g5 Kd6 64. Ra5 Rb1 65. Ra6+ Kd7 66. Ra7
Rc1 67. Ra8 Ke7 68. Ra7 1/2-1/2

[Event "European Blitz 2022"]
[Site "Katowice POL"]
[Date "2022.12.16"]
[Round "10.56"]
[White "Mis, Mieszko"]
[Black "Nazarova, Anastasia"]
[Result "0-1"]
[WhiteTitle "FM"]
[BlackTitle "WFM"]
[WhiteElo "2389"]
[BlackElo "2196"]
[WhiteFideId "1196448"]
[BlackFideId "34101737"]
[EventDate "2022.12.16"]

1. d4 d5 2. c4 e6 3. Nc3 c6 4. e3 Nf6 5. Nf3 Nbd7 6. Qc2 b6 7. Bd3 Bb7 8. O-O
Be7 9. e4 dxe4 10. Nxe4 Nxe4 11. Bxe4 Nf6 12. Be3 Nxe4 13. Qxe4 O-O 14. Rfd1 Rc8
15. Qg4 Bf6 16. Rd2 Qe7 17. Rad1 Rfd8 18. c5 Ba6 19. Bf4 bxc5 20. dxc5 Rxd2 21.
Nxd2 e5 22. Be3 Rd8 23. Ne4 Rxd1+ 24. Qxd1 g6 25. Qd7 Kg7 26. Nxf6 Qxf6 27. Qxa7
Bc4 28. h3 Bd5 29. Qc7 Qf5 30. Qd6 Qe4 31. Kf1 Qxg2+ 32. Ke1 Qh1+ 33. Kd2 Qe4
34. Qe7 Bxa2 35. Qg5 Qd5+ 36. Ke1 Qh1+ 37. Kd2 Qd5+ 38. Ke1 Qh1+ 39. Kd2 Qd5+
40. Ke1 Qh1+ 41. Kd2 Qd5+ 42. Ke1 Bb3 43. f4 Qd1+ 44. Kf2 Qc2+ 45. Kg3 exf4+ 46.
Bxf4 Qd3+ 47. Kh2 Qe2+ 48. Qg2 Qxg2+ 49. Kxg2 Bd5+ 50. Kg3 Bc4 51. h4 f6 52. Be3
h6 53. b4 g5 54. hxg5 hxg5 55. Bd2 Kg6 56. Bc3 f5 57. Be5 f4+ 58. Kf3 Bd5+ 59.
Kg4 Be6+ 60. Kf3 Bd5+ 61. Kg4 Bc4 62. Bd6 Be2+ 63. Kh3 Kf5 64. Kg2 g4 65. Kf2
Bc4 66. Kg2 g3 67. Bc7 Kg4 68. Be5 f3+ 69. Kg1 f2+ 0-1

[Event "European Blitz 2022"]
[Site "Katowice POL"]
[Date "2022.12.16"]
[Round "10.57"]
[White "Drazic, Sinisa"]
[Black "Hulka, Valentyn"]
[Result "1-0"]
[WhiteTitle "GM"]
[BlackTitle "CM"]
[WhiteElo "2372"]
[BlackElo "2222"]
[WhiteFideId "901172"]
[BlackFideId "34107061"]
[EventDate "2022.12.16"]

1. d4 d5 2. Bg5 c5 3. dxc5 Nc6 4. e4 d4 5. c3 h6 6. Bd2 e5 7. cxd4 Qxd4 8. Be3
Qxd1+ 9. Kxd1 Nf6 10. f3 Nd7 11. Bb5 Bxc5 12. Bxc5 Nxc5 13. Bxc6+ bxc6 14. Nc3
Be6 15. Kc2 Ke7 16. b4 Nd7 17. Nge2 Nb6 18. Nc1 a5 19. bxa5 Rxa5 20. Nb3 Ra3 21.
Nc5 Ra5 22. Rhb1 Rxc5 23. Rxb6 Ra8 24. a4 Kd6 25. Rb7 Rc4 26. a5 Kc5 27. a6 Kd4
28. Rd1+ Kc5 29. a7 Rb4 30. Rb1 Rxb1 31. Kxb1 Bc8 32. Rb8 Rxa7 33. Rxc8 Kd4 34.
Kc2 Ke3 35. Rd8 Kf2 36. Rd2+ Kg1 37. g4 Ra1 38. Kd3 Rf1 39. Ke3 Re1+ 40. Ne2+
Kxh2 41. Kf2 Ra1 42. Rc2 Ra6 43. Ng3 g6 44. Nf1+ Kh1 45. Ne3 Rb6 46. Kg3 Rb1 47.
Rxc6 h5 48. gxh5 gxh5 49. Rh6 Rg1+ 50. Kf2 1-0

[Event "European Blitz 2022"]
[Site "Katowice POL"]
[Date "2022.12.16"]
[Round "10.58"]
[White "Jonsson, Gauti Pall"]
[Black "Seemann, Jakub"]
[Result "0-1"]
[BlackTitle "FM"]
[WhiteElo "2045"]
[BlackElo "2365"]
[WhiteFideId "2309092"]
[BlackFideId "21874697"]
[EventDate "2022.12.16"]

1. e4 c6 2. Nc3 d5 3. Nf3 dxe4 4. Nxe4 Nf6 5. Qe2 Nxe4 6. Qxe4 Nd7 7. Bc4 Nf6 8.
Ne5 e6 9. Qe2 b5 10. Bb3 Qc7 11. d4 Bd6 12. O-O O-O 13. h3 Bb7 14. Bf4 a5 15. a3
c5 16. dxc5 Qxc5 17. Rad1 Rad8 18. Rxd6 Rxd6 19. Ng4 Nxg4 20. Bxd6 Qxd6 21. Qxg4
a4 22. Ba2 Rc8 23. c4 bxc4 24. Bxc4 h5 25. Qxh5 Rxc4 26. Rd1 Bd5 27. Qe2 Qc6 0-1